MAASAI MARA UNIVERSITY

LIBRARY CATALOGUE

Contact Us: +254 020 2685356/7 or 0774 057787

Box: 861-20500, NAROK, KENYA

Email: info@mmarau.ac.ke

Financial accounting / (Record no. 32023)

MARC details
000 -LEADER
fixed length control field 00966cam a22002534a 4500
001 - CONTROL NUMBER
control field 11921902
003 - CONTROL NUMBER IDENTIFIER
control field OSt
005 - DATE AND TIME OF LATEST TRANSACTION
control field 20210311162707.0
008 - FIXED-LENGTH DATA ELEMENTS--GENERAL INFORMATION
fixed length control field 000225s2001 maua 001 0 eng
010 ## - LIBRARY OF CONGRESS CONTROL NUMBER
LC control number 00027295
020 ## - INTERNATIONAL STANDARD BOOK NUMBER
International Standard Book Number 0471646040
040 ## - CATALOGING SOURCE
Original cataloging agency MMU
Transcribing agency MMU
Modifying agency MMU
Language of cataloging eng
050 00 - LIBRARY OF CONGRESS CALL NUMBER
Classification number HF5635
Item number F44 2001
100 ## - MAIN ENTRY--PERSONAL NAME
Relator code Kimmel , Paul D.
245 00 - TITLE STATEMENT
Title Financial accounting /
Statement of responsibility, etc. Paul Kimmel ... [et al.].
250 ## - EDITION STATEMENT
Edition statement canadian ed.
260 ## - PUBLICATION, DISTRIBUTION, ETC. (IMPRINT)
Place of publication, distribution, etc. Toronto:
Name of publisher, distributor, etc. john wiley,
Date of publication, distribution, etc. c2001.
300 ## - PHYSICAL DESCRIPTION
Extent xxvii 842 p. :
Other physical details ill. (some col.) ;
Dimensions 29 cm. +
Accompanying material 1 computer laser optical disc (4 3/4 in.)
500 ## - GENERAL NOTE
General note Includes indexes.
538 ## - SYSTEM DETAILS NOTE
System details note System requirements for accompanying computer disc: IBM PC; Microsoft Windows 95 or higher, Microsoft Excel 97 or higher, Microsoft Access 97 or higher and either Netscape Navigator 4.0 or higher, or Microsoft Internet Explorer 4.0 or higher.
650 #0 - SUBJECT ADDED ENTRY--TOPICAL TERM
Topical term or geographic name as entry element Accounting.
700 1# - ADDED ENTRY--PERSONAL NAME
Personal name Jerry J. Weygandt.
942 ## - ADDED ENTRY ELEMENTS (KOHA)
Source of classification or shelving scheme Library of Congress Classification
Koha item type L

No items available.

© 2016 Maasai Mara University.